| 000 | 01735nam a2200529 i 4500 | ||
|---|---|---|---|
| 001 | 36196 | ||
| 003 | KOSZ 005 | ||
| 005 | 20200210111632.0 | ||
| 008 | 020607s1999 pl a |001 0 pol | ||
| 015 | _aPB 2002/15425 | ||
| 020 | _a8390325233 | ||
| 035 | _a991018345799705066 | ||
| 035 | _a(PL-WaBN)b14972979-48omnis_nlop | ||
| 035 | _ab14972979 | ||
| 035 | _a(OCoLC)831024507 | ||
| 035 | _a(PL)b0000001497297 | ||
| 035 | _a(EXLNZ-48OMNIS_NETWORK)9910244705505606 | ||
| 040 |
_aWA N _cWA N _dKOSZ 005/HR |
||
| 046 | _k1999 | ||
| 080 | _a004.7 | ||
| 080 | _a004.772:621.391 | ||
| 080 | _a(058) | ||
| 245 | 0 | 0 |
_aVademecum teleinformatyka : _bpraca zbiorowa / _c[aut. Janusz Chustecki et al.]. |
| 250 | _aWyd. 1 książkowe. | ||
| 260 |
_aWarszawa : _b"IDG Poland", _c1999. |
||
| 300 |
_a399 s. : _bil. kolor. ; _c30 cm. |
||
| 336 |
_2Rdacontent _aTekst _btxt |
||
| 337 |
_2rdamedia _aBez urządzenia pośredniczącego _bn |
||
| 338 |
_2rdacarrier _aWolumin _bnc |
||
| 380 | _aKsiążki | ||
| 388 | _a19001-2000 | ||
| 388 | _a1989-2000 | ||
| 490 | 1 | _aBiblioteka Networld | |
| 500 | _aNa okł. podtyt.: sieci komputerowe, telekomunikacja, instalatorstwo. Wyd. zebrane, uzup. i popr. | ||
| 504 | _aIndeks. | ||
| 650 | 7 |
_aKomputery _2DBN |
|
| 650 | 7 | _aUrządzenia | |
| 650 | 7 |
_aSieć komputerowa _2DBN |
|
| 650 | 7 |
_aTransmisja danych _2DBN |
|
| 655 | 7 |
_aInformator _2DBN |
|
| 658 | _aInformatyka i technologie informacyjne | ||
| 700 | 1 |
_aChustecki, Janusz _eAutor |
|
| 830 | 0 | _aBiblioteka Networld | |
| 856 |
_uhttp://koha.tu.koszalin.pl/cgi-bin/koha/opac-detail.pl?biblionumber=36196 _yKatalog online BPK |
||
| 942 |
_2UKD _cKS |
||
| 999 |
_c36196 _d36196 |
||